<?xml version="1.0" encoding="UTF-8"?>
<record
    xmlns:xsi="http://www.w3.org/2001/XMLSchema-instance"
    xsi:schemaLocation="http://www.loc.gov/MARC21/slim http://www.loc.gov/standards/marcxml/schema/MARC21slim.xsd"
    xmlns="http://www.loc.gov/MARC21/slim">

  <leader>01128nam a22002297a 4500</leader>
  <datafield tag="999" ind1=" " ind2=" ">
    <subfield code="c">59484</subfield>
    <subfield code="d">59484</subfield>
  </datafield>
  <controlfield tag="003">Ge_BSU</controlfield>
  <controlfield tag="005">20230228112058.0</controlfield>
  <controlfield tag="008">230228s2009    ge ||||| |||| 00| 0 geo d</controlfield>
  <datafield tag="020" ind1=" " ind2=" ">
    <subfield code="a">9789941906329</subfield>
  </datafield>
  <datafield tag="041" ind1=" " ind2=" ">
    <subfield code="a">geo</subfield>
  </datafield>
  <datafield tag="080" ind1=" " ind2=" ">
    <subfield code="a">352: 316.32 &#x10D1;-48</subfield>
  </datafield>
  <datafield tag="100" ind1=" " ind2=" ">
    <subfield code="a">&#x10D1;&#x10D4;&#x10DC;&#x10D8;&#x10D2;&#x10F0;&#x10D0;&#x10E3;&#x10E1;&#x10D8;, &#x10E5;&#x10E0;&#x10D8;&#x10E1;&#x10E2;&#x10D8;&#x10DC;&#x10D0;.</subfield>
    <subfield code="b">	</subfield>
    <subfield code="9">17074</subfield>
  </datafield>
  <datafield tag="245" ind1=" " ind2=" ">
    <subfield code="a">&#x10D7;&#x10D0;&#x10DC;&#x10D0;&#x10DB;&#x10DD;&#x10DC;&#x10D0;&#x10EC;&#x10D8;&#x10DA;&#x10D4;&#x10DD;&#x10D1;&#x10D8;&#x10D3;&#x10D0;&#x10DC; &#x10E1;&#x10D0;&#x10DB;&#x10DD;&#x10E5;&#x10D0;&#x10DA;&#x10D0;&#x10E5;&#x10DD; &#x10E1;&#x10D0;&#x10D6;&#x10DD;&#x10D2;&#x10D0;&#x10D3;&#x10DD;&#x10D4;&#x10D1;&#x10D0;&#x10DB;&#x10D3;&#x10D4; /</subfield>
    <subfield code="c">&#x10E5;&#x10E0;&#x10D8;&#x10E1;&#x10E2;&#x10D8;&#x10DC;&#x10D0; &#x10D1;&#x10D4;&#x10DC;&#x10D8;&#x10D2;&#x10F0;&#x10D0;&#x10E3;&#x10E1;&#x10D8;, &#x10D0;&#x10E1;&#x10DB;&#x10D0;&#x10D7; &#x10D3;&#x10D8;&#x10D0;&#x10E1;&#x10D0;&#x10DB;&#x10D8;&#x10EB;&#x10D4;.</subfield>
  </datafield>
  <datafield tag="250" ind1=" " ind2=" ">
    <subfield code="a">[I-&#x10DA;&#x10D8; &#x10D2;&#x10D0;&#x10DB;&#x10DD;&#x10EA;.].</subfield>
  </datafield>
  <datafield tag="264" ind1=" " ind2=" ">
    <subfield code="a">&#x10D7;&#x10D1;&#x10D8;&#x10DA;&#x10D8;&#x10E1;&#x10D8;: </subfield>
    <subfield code="b">&#x10DE;&#x10D4;&#x10E2;&#x10D8;&#x10E2;&#x10D8;,</subfield>
    <subfield code="c"> 2009.</subfield>
  </datafield>
  <datafield tag="300" ind1=" " ind2=" ">
    <subfield code="a">111&#x10D2;&#x10D5;. : </subfield>
    <subfield code="b">&#x10D8;&#x10DA;. ; </subfield>
    <subfield code="c">23&#x10E1;&#x10DB;.</subfield>
  </datafield>
  <datafield tag="501" ind1=" " ind2=" ">
    <subfield code="a">&#x10D3;&#x10D0;&#x10DC;&#x10D0;&#x10E0;&#x10D7;&#x10D4;&#x10D1;&#x10D8;: &#x10D2;&#x10D5;. 71-111.</subfield>
  </datafield>
  <datafield tag="653" ind1=" " ind2=" ">
    <subfield code="a">&#x10DB;&#x10DD;&#x10E5;&#x10D0;&#x10DA;&#x10D0;&#x10E5;&#x10D4;&#x10D7;&#x10D0; &#x10DB;&#x10DD;&#x10DC;&#x10D0;&#x10EC;&#x10D8;&#x10DA;&#x10D4;&#x10DD;&#x10D1;&#x10D0; &#x10D7;&#x10D5;&#x10D8;&#x10D7;&#x10DB;&#x10DB;&#x10D0;&#x10E0;&#x10D7;&#x10D5;&#x10D4;&#x10DA;&#x10DD;&#x10D1;&#x10D0;&#x10E8;&#x10D8;</subfield>
  </datafield>
  <datafield tag="653" ind1=" " ind2=" ">
    <subfield code="a">&#x10E1;&#x10D0;&#x10DB;&#x10DD;&#x10E5;&#x10D0;&#x10DA;&#x10D0;&#x10E5;&#x10DD; &#x10E1;&#x10D0;&#x10D6;&#x10DD;&#x10D2;&#x10D0;&#x10D3;&#x10DD;&#x10D4;&#x10D1;&#x10D0;</subfield>
  </datafield>
  <datafield tag="700" ind1=" " ind2=" ">
    <subfield code="a">&#x10D3;&#x10D8;&#x10D0;&#x10E1;&#x10D0;&#x10DB;&#x10D8;&#x10EB;&#x10D4;, &#x10D0;&#x10E1;&#x10DB;&#x10D0;&#x10D7;</subfield>
    <subfield code="e">&#x10D0;&#x10D5;&#x10E2;&#x10DD;&#x10E0;&#x10D8;</subfield>
    <subfield code="9">4930</subfield>
  </datafield>
  <datafield tag="942" ind1=" " ind2=" ">
    <subfield code="2">udc</subfield>
    <subfield code="c">BK</subfield>
  </datafield>
  <datafield tag="952" ind1=" " ind2=" ">
    <subfield code="0">0</subfield>
    <subfield code="1">0</subfield>
    <subfield code="2">udc</subfield>
    <subfield code="4">0</subfield>
    <subfield code="6">352_31632_&#x10D1;48</subfield>
    <subfield code="7">0</subfield>
    <subfield code="9">93895</subfield>
    <subfield code="a">CPL</subfield>
    <subfield code="b">CPL</subfield>
    <subfield code="c">GEN</subfield>
    <subfield code="d">2023-02-28</subfield>
    <subfield code="g">7.00</subfield>
    <subfield code="o">352: 316.32 &#x10D1;-48</subfield>
    <subfield code="p">63925</subfield>
    <subfield code="r">2023-02-28</subfield>
    <subfield code="t">63925</subfield>
    <subfield code="w">2023-02-28</subfield>
    <subfield code="y">BK</subfield>
    <subfield code="z">7 &#x10DA;.</subfield>
  </datafield>
  <datafield tag="952" ind1=" " ind2=" ">
    <subfield code="0">0</subfield>
    <subfield code="1">0</subfield>
    <subfield code="2">udc</subfield>
    <subfield code="4">0</subfield>
    <subfield code="6">352_31632_&#x10D1;48</subfield>
    <subfield code="7">0</subfield>
    <subfield code="9">93896</subfield>
    <subfield code="a">CPL</subfield>
    <subfield code="b">CPL</subfield>
    <subfield code="c">GEN</subfield>
    <subfield code="d">2023-02-28</subfield>
    <subfield code="g">7.00</subfield>
    <subfield code="o">352: 316.32 &#x10D1;-48</subfield>
    <subfield code="p">63926</subfield>
    <subfield code="r">2023-02-28</subfield>
    <subfield code="t">63926</subfield>
    <subfield code="w">2023-02-28</subfield>
    <subfield code="y">BK</subfield>
    <subfield code="z">7 &#x10DA;.</subfield>
  </datafield>
</record>
